[Event "VI Open Internacional Memorial Pedro Lez"]
[Site "Ateneo Municipal de Vecindario"]
[Date "2013.03.29"]
[Round "6"]
[White "Capote Robayna, Nathaniel"]
[Black "Meneses Gonzalez, Kevin Moises"]
[Result "1-0"]
[WhiteElo "2073"]
[BlackElo "2302"]
[PlyCount "99"]
[EventDate "2013.03.25"]
[EventRounds "9"]
[EventCountry "ESP"]

1. b3 e5 2. Bb2 Nc6 3. e3 Nf6 4. Nf3 e4 5. Nd4 Nxd4 6. Bxd4 d5 7. c4 c6 8. Nc3
Be7 9. cxd5 cxd5 10. Bb5+ Bd7 11. Bxd7+ Qxd7 12. d3 O-O 13. dxe4 Nxe4 14. O-O
Rfc8 15. Nxe4 dxe4 16. Qb1 Qf5 17. Qb2 Rc6 18. Rac1 Rg6 19. Qe2 Bd6 20. f4 exf3
21. Qxf3 Qd7 22. Qf5 Qe8 23. Qf3 Qe7 24. Qf5 Qe6 25. Qf3 Qd7 26. Qf5 Re6 27.
Rf3 a6 28. Rcf1 Rf8 29. Rh3 g6 30. Rxh7 Bxh2+ 31. Rxh2 Qxd4 32. Qxe6 Qc3 33.
Qf6 Qxf6 34. Rxf6 Rc8 35. Rh3 Kg7 36. Rhf3 Rc7 37. Kh2 Rd7 38. Kg3 Rc7 39. e4
Re7 40. e5 b5 41. Rxa6 Rxe5 42. Ra7 Re2 43. Raxf7+ Kh6 44. Rb7 Rxa2 45. Rxb5 g5
46. Rff5 g4 47. Rh5+ Kg7 48. Rhg5+ Kh6 49. Rxg4 Rd2 50. Kh4 1-0

[Event "VI Open Internacional Memorial Pedro Lez"]
[Site "Ateneo Municipal de Vecindario"]
[Date "2013.03.29"]
[Round "6"]
[White "Bressac, Stephane"]
[Black "De La Cruz Sanchez, Carlos G"]
[Result "0-1"]
[WhiteElo "2284"]
[BlackElo "2242"]
[PlyCount "80"]
[EventDate "2013.03.25"]
[EventRounds "9"]
[EventCountry "ESP"]

1. e4 e6 2. d4 d5 3. Nc3 Nf6 4. e5 Nfd7 5. f4 c5 6. Nf3 Nc6 7. Be3 cxd4 8. Nxd4
a6 9. Qd2 Bc5 10. O-O-O O-O 11. Qf2 Qe7 12. h4 f6 13. Nf5 Bxe3+ 14. Nxe3 d4 15.
Ned5 exd5 16. Nxd5 Qc5 17. Nc7 fxe5 18. Ne6 Qe7 19. Nxf8 Nxf8 20. fxe5 Be6 21.
a3 Rc8 22. Bd3 b5 23. Be4 b4 24. axb4 Qxb4 25. Bxc6 Rxc6 26. Rhf1 Rc8 27. Qxd4
Qa5 28. Qd6 Qa1+ 29. Kd2 Qa5+ 30. Kc1 Qa1+ 31. Kd2 Qa5+ 32. b4 Qa2 33. Ke1 Qxc2
34. Rxf8+ Rxf8 35. Qxe6+ Kh8 36. Rd2 Qc1+ 37. Ke2 Qf1+ 38. Ke3 Qf4+ 39. Ke2
Qe4+ 40. Kd1 Rf1# 0-1

[Event "VI Open Internacional Memorial Pedro Lez"]
[Site "Ateneo Municipal de Vecindario"]
[Date "2013.03.29"]
[Round "6"]
[White "Gonzalez Intelangelo, Gerardo"]
[Black "Herrera Reyes, Jose Antonio"]
[Result "0-1"]
[WhiteElo "2022"]
[BlackElo "2252"]
[PlyCount "54"]
[EventDate "2013.03.25"]
[EventRounds "9"]
[EventCountry "ESP"]

1. d4 d5 2. Nf3 Nf6 3. c4 c6 4. Nbd2 Bf5 5. g3 e6 6. Bg2 Bd6 7. O-O Nbd7 8. b3
O-O 9. Bb2 Rc8 10. Re1 Bb8 11. Rc1 Re8 12. Nh4 Bg4 13. Qc2 g5 14. Nhf3 Bf5 15.
Qc3 h6 16. Qb4 b6 17. Qa3 c5 18. b4 Bd6 19. bxc5 bxc5 20. cxd5 exd5 21. dxc5
Bxc5 22. Qa4 Qb6 23. Bd4 g4 24. Nh4 Bxd4 25. Rxc8 Bxf2+ 26. Kf1 Rxc8 27. Nxf5
Bxe1 0-1

[Event "VI Open Internacional Memorial Pedro Lez"]
[Site "Ateneo Municipal de Vecindario"]
[Date "2013.03.29"]
[Round "6"]
[White "Illijin, Neboisa"]
[Black "Barlov, Dragan"]
[Result "0-1"]
[WhiteElo "2167"]
[BlackElo "2454"]
[PlyCount "40"]
[EventDate "2013.03.25"]
[EventRounds "9"]
[EventCountry "ESP"]

1. e4 c5 2. Nf3 Nc6 3. d4 cxd4 4. Nxd4 Qc7 5. Nc3 e6 6. Be2 a6 7. O-O Nf6 8.
Kh1 Bc5 9. Be3 Ne7 10. f4 O-O 11. Bg1 d6 12. Qd3 b5 13. e5 dxe5 14. fxe5 Nd7
15. Rae1 Ng6 16. Qh3 Ndxe5 17. Ne4 Be7 18. Nf3 Nxf3 19. Bxf3 e5 20. g4 Be6 0-1

[Event "VI Open Internacional Memorial Pedro Lez"]
[Site "Ateneo Municipal de Vecindario"]
[Date "2013.03.29"]
[Round "6"]
[White "Bismuth, Lea"]
[Black "Vega Gutierrez, Belinda"]
[Result "0-1"]
[WhiteElo "1948"]
[BlackElo "2190"]
[PlyCount "70"]
[EventDate "2013.03.25"]
[EventRounds "9"]
[EventCountry "ESP"]

1. e4 e5 2. Nf3 Nc6 3. Bc4 Nf6 4. Nc3 Bb4 5. O-O d6 6. h3 O-O 7. Re1 Bxc3 8.
dxc3 h6 9. Qd3 Na5 10. Bd2 Nxc4 11. Qxc4 b6 12. Rad1 Bb7 13. Bc1 Bxe4 14. Nxe5
Bxc2 15. Nc6 Qd7 16. Re7 d5 17. Rxd7 dxc4 18. R1d2 Nxd7 19. Rxd7 Rfe8 20. Be3
Ba4 21. Rxc7 Bxc6 22. Rxc6 Rac8 23. Rxc8 Rxc8 24. h4 f6 25. Kf1 Kf7 26. Ke2 Ke6
27. Kf3 Rd8 28. Bd4 Rd5 29. b3 cxb3 30. axb3 Rb5 31. b4 a5 32. bxa5 bxa5 33.
Ke4 a4 34. c4 Rb1 35. Kd3 a3 0-1

[Event "VI Open Internacional Memorial Pedro Lez"]
[Site "Ateneo Municipal de Vecindario"]
[Date "2013.03.29"]
[Round "6"]
[White "Galvan Sarmiento, Jose Luis"]
[Black "Vega Gutierrez, Sabrina"]
[Result "0-1"]
[WhiteElo "1928"]
[BlackElo "2364"]
[PlyCount "58"]
[EventDate "2013.03.25"]
[EventRounds "9"]
[EventCountry "ESP"]

1. d4 d5 2. Nf3 Nf6 3. Bf4 c5 4. c3 Nc6 5. e3 Qb6 6. Qb3 c4 7. Qc2 Bf5 8. Qc1
e6 9. h3 h6 10. Be2 Qa5 11. Nbd2 b5 12. a3 Qb6 13. O-O Be7 14. Re1 a5 15. Ne5
O-O 16. Bf3 Nxe5 17. dxe5 Ne4 18. Bxe4 Bxe4 19. Nxe4 dxe4 20. Qc2 Qc6 21. Rad1
Rfd8 22. Rxd8+ Rxd8 23. Rd1 Rd3 24. Kf1 Qd5 25. Ke1 Bh4 26. Ke2 g5 27. g3 gxf4
28. gxh4 Qxe5 29. Rg1+ Kf8 0-1

[Event "VI Open Internacional Memorial Pedro Lez"]
[Site "Ateneo Municipal de Vecindario"]
[Date "2013.03.29"]
[Round "6"]
[White "Strebkovs, Andrejs"]
[Black "Guerra Arrocha, Daniel"]
[Result "1/2-1/2"]
[WhiteElo "2331"]
[BlackElo "1848"]
[PlyCount "94"]
[EventDate "2013.03.25"]
[EventRounds "9"]
[EventCountry "ESP"]

1. d4 Nf6 2. Nf3 g6 3. Bg5 Bg7 4. Nbd2 O-O 5. c3 d5 6. e3 a5 7. a4 b6 8. Be2
Ba6 9. O-O c5 10. Bxa6 Rxa6 11. Qe2 Qc8 12. Qb5 Qd7 13. Bxf6 Bxf6 14. dxc5 bxc5
15. Qxc5 Rc8 16. Qb5 Qd6 17. Qe2 Rb6 18. Rab1 Qd7 19. e4 dxe4 20. Qxe4 Re6 21.
Qc2 Na6 22. Ne4 Bg7 23. Rfd1 Qb7 24. Neg5 Rb6 25. Nd4 h6 26. Ngf3 Nb4 27. Qd2
Na6 28. Re1 Nc5 29. Qc2 Rb8 30. b4 axb4 31. Rxb4 Rxb4 32. cxb4 Bxd4 33. bxc5
Qb4 34. c6 Rc8 35. Re4 e5 36. Nxe5 Qd6 37. Nf3 Rxc6 38. Qd2 Bb6 39. Qxd6 Rxd6
40. g3 Rd1+ 41. Re1 Rd3 42. Ne5 Rd2 43. Ng4 h5 44. Nf6+ Kg7 45. Ne4 Ra2 46. Rb1
Rxa4 47. Rxb6 Rxe4 1/2-1/2

[Event "VI Open Internacional Memorial Pedro Lez"]
[Site "Ateneo Municipal de Vecindario"]
[Date "2013.03.29"]
[Round "6"]
[White "Fernandez De La Hoz, A Carlos"]
[Black "Brito Garcia, Alfredo"]
[Result "0-1"]
[WhiteElo "1871"]
[BlackElo "2313"]
[PlyCount "56"]
[EventDate "2013.03.25"]
[EventRounds "9"]
[EventCountry "ESP"]

1. e4 e5 2. Nf3 Nc6 3. Bb5 Nf6 4. O-O Nxe4 5. d4 Nd6 6. Ba4 exd4 7. Re1+ Be7 8.
Qe2 b5 9. Bxb5 Nxb5 10. Qxb5 O-O 11. Qc4 Bf6 12. c3 Re8 13. Bd2 Rxe1+ 14. Nxe1
Rb8 15. cxd4 Nxd4 16. Nc3 Bb7 17. Be3 d5 18. Qc5 Ne6 19. Qxa7 d4 20. Rd1 Qc8
21. Qa5 dxe3 22. fxe3 Ra8 23. Qb4 c5 24. Qc4 Bxc3 25. bxc3 Qc6 26. Nf3 h6 27.
h4 Ra4 28. Qe2 Qe4 0-1

[Event "VI Open Internacional Memorial Pedro Lez"]
[Site "Ateneo Municipal de Vecindario"]
[Date "2013.03.29"]
[Round "6"]
[White "Acosta Sosa, Juan Manuel"]
[Black "Aguilera Suarez, Antonio"]
[Result "1-0"]
[WhiteElo "2150"]
[BlackElo "1842"]
[PlyCount "71"]
[EventDate "2013.03.25"]
[EventRounds "9"]
[EventCountry "ESP"]

1. Nf3 Nf6 2. b3 g6 3. Bb2 Bg7 4. e4 d6 5. Bd3 e5 6. O-O O-O 7. Re1 c5 8. Bf1
Nc6 9. a4 Nd4 10. Nxd4 cxd4 11. Na3 Bg4 12. Be2 Bxe2 13. Qxe2 Rc8 14. Qb5 Qc7
15. c3 dxc3 16. dxc3 a6 17. Qd3 Rfd8 18. c4 Nd7 19. Qe3 Nc5 20. Nc2 Ne6 21. Nb4
Qc5 22. Nd5 Qxe3 23. Rxe3 Bf8 24. g3 Kg7 25. f4 f6 26. Rd1 Rc6 27. Rd2 Rb8 28.
a5 Kf7 29. Rf2 Bh6 30. Ref3 exf4 31. gxf4 f5 32. e5 dxe5 33. Bxe5 Rd8 34. Rh3
Bf8 35. Rxh7+ Kg8 36. Nf6# 1-0

[Event "VI Open Internacional Memorial Pedro Lez"]
[Site "Ateneo Municipal de Vecindario"]
[Date "2013.03.29"]
[Round "6"]
[White "Rodriguez Mellado, Antonio"]
[Black "Sarmiento Afonso, Santiago"]
[Result "1/2-1/2"]
[WhiteElo "1797"]
[BlackElo "2141"]
[PlyCount "33"]
[EventDate "2013.03.25"]
[EventRounds "9"]
[EventCountry "ESP"]

1. e4 d5 2. exd5 Nf6 3. c4 c6 4. dxc6 Nxc6 5. Nf3 e5 6. d3 Bc5 7. Nc3 Qb6 8.
Qe2 O-O 9. a3 Bg4 10. b4 Bd4 11. Bb2 Rfe8 12. O-O-O Bxc3 13. Bxc3 Nd4 14. Bxd4
exd4 15. Qd2 a5 16. b5 Qc5 17. Kb2 1/2-1/2

[Event "VI Open Internacional Memorial Pedro Lez"]
[Site "Ateneo Municipal de Vecindario"]
[Date "2013.03.29"]
[Round "6"]
[White "Lopez Colon, Francisco"]
[Black "Capote Robayna, Johanna"]
[Result "1-0"]
[WhiteElo "2045"]
[BlackElo "1813"]
[PlyCount "79"]
[EventDate "2013.03.25"]
[EventRounds "9"]
[EventCountry "ESP"]

1. d4 Nf6 2. c4 c5 3. d5 b5 4. cxb5 a6 5. Nc3 axb5 6. Nxb5 Ba6 7. Nc3 d6 8. g3
g6 9. e4 Bxf1 10. Kxf1 Bg7 11. Kg2 O-O 12. Nf3 Nbd7 13. h3 Nb6 14. Qe2 Na4 15.
Nd2 Nd7 16. Nd1 Qb8 17. Rb1 Nab6 18. a3 Qc7 19. Ne3 Na4 20. Nd1 Nab6 21. b3 f5
22. exf5 Rxf5 23. Ne3 Rf7 24. Ndc4 Qb7 25. Nxb6 Nxb6 26. Qb5 Raf8 27. f4 e5 28.
Rd1 exf4 29. gxf4 Qe7 30. Qxb6 Qe4+ 31. Kg1 Qxb1 32. Qxd6 Bd4 33. Qe6 Qxb3 34.
Re1 Kh8 35. Rf1 Rf5 36. Kh2 Bxe3 37. Qxe3 Qxd5 38. Bb2+ Kg8 39. Qc3 R8f7 40.
Qh8# 1-0

[Event "VI Open Internacional Memorial Pedro Lez"]
[Site "Ateneo Municipal de Vecindario"]
[Date "2013.03.29"]
[Round "6"]
[White "Camino Carrio, Nicanor"]
[Black "Cruz Ramirez, Nauzet"]
[Result "1/2-1/2"]
[WhiteElo "2014"]
[BlackElo "1778"]
[PlyCount "72"]
[EventDate "2013.03.25"]
[EventRounds "9"]
[EventCountry "ESP"]

1. e4 d5 2. exd5 Nf6 3. d4 Nxd5 4. Nf3 c6 5. Be2 Bf5 6. O-O e6 7. Re1 Bd6 8. a3
Nd7 9. Nbd2 O-O 10. Nc4 Bc7 11. Bf1 Re8 12. Bg5 f6 13. Bd2 Bg6 14. Nh4 Bf7 15.
Bd3 e5 16. Nf5 N7b6 17. Nxb6 axb6 18. Qg4 g6 19. Nh6+ Kg7 20. Nxf7 Kxf7 21.
Rad1 exd4 22. Qxd4 b5 23. Qh4 Kg8 24. c4 bxc4 25. Bxc4 Rxe1+ 26. Bxe1 Be5 27.
Bxd5+ cxd5 28. Qb4 Qd7 29. Qb3 Rd8 30. Ba5 Rc8 31. Rxd5 Qf7 32. g3 Bxb2 33. Qb5
Bxa3 34. Rd7 Qc4 35. Rd8+ Bf8 36. Qxc4+ Rxc4 1/2-1/2

[Event "VI Open Internacional Memorial Pedro Lez"]
[Site "Ateneo Municipal de Vecindario"]
[Date "2013.03.29"]
[Round "6"]
[White "Cruz Pino, Adrian"]
[Black "Julien Casteleiro, Ariel"]
[Result "1-0"]
[WhiteElo "1986"]
[BlackElo "1586"]
[PlyCount "117"]
[EventDate "2013.03.25"]
[EventRounds "9"]
[EventCountry "ESP"]

1. e4 e5 2. Nf3 Nf6 3. Nxe5 d6 4. Nf3 Nxe4 5. Qe2 Qe7 6. d3 Nf6 7. Bg5 Nbd7 8.
Nc3 c6 9. O-O-O Nb6 10. Qd2 Be6 11. Nd4 O-O-O 12. Re1 Re8 13. Be2 h6 14. Bh4 g5
15. Bg3 Bg7 16. h4 g4 17. Nxe6 fxe6 18. d4 h5 19. Kb1 Qd7 20. Qg5 Ref8 21. Qa5
Kb8 22. Bd3 Nfd5 23. Ne2 Ka8 24. c4 Nc7 25. Rd1 Qd8 26. Qb4 Na6 27. Qa3 d5 28.
cxd5 Nxd5 29. Bxa6 bxa6 30. Qxa6 Qb6 31. Qxb6 axb6 32. Rhe1 Rh6 33. Nc3 Nf4 34.
Re4 Rhf6 35. Ne2 Bh6 36. Nxf4 Bxf4 37. Bxf4 Rxf4 38. Rxf4 Rxf4 39. Rd2 g3 40.
fxg3 Rg4 41. Rd3 Kb7 42. Kc2 Kc7 43. Kc3 Kd6 44. a4 Re4 45. b4 Re2 46. g4 Rxg2
47. gxh5 Rh2 48. Rg3 Rxh4 49. Rg5 Ke7 50. a5 Rh3+ 51. Kc4 b5+ 52. Kc5 Kf6 53.
Re5 Rc3+ 54. Kb6 Rc4 55. h6 Rxd4 56. Rh5 Rd8 57. h7 Rh8 58. a6 Kg6 59. Rh2 1-0

[Event "VI Open Internacional Memorial Pedro Lez"]
[Site "Ateneo Municipal de Vecindario"]
[Date "2013.03.29"]
[Round "6"]
[White "De La Hoz Sanchez, Ruben"]
[Black "Gonzalez Ortega, Pino"]
[Result "1-0"]
[WhiteElo "1969"]
[BlackElo "1344"]
[PlyCount "89"]
[EventDate "2013.03.25"]
[EventRounds "9"]
[EventCountry "ESP"]

1. d4 e6 2. c4 c5 3. d5 d6 4. e4 Nf6 5. Nc3 a6 6. Bd3 Be7 7. Nf3 Nbd7 8. O-O
Ng4 9. Bf4 Nde5 10. Be2 Nxf3+ 11. Bxf3 Ne5 12. Be2 Ng6 13. Bg3 e5 14. Rb1 Bh4
15. Bh5 Bxg3 16. hxg3 Rb8 17. b4 Bd7 18. bxc5 dxc5 19. Qe2 Qf6 20. Qe3 Qd6 21.
f4 O-O 22. f5 Ne7 23. Be2 b6 24. g4 f6 25. g5 fxg5 26. Qxg5 Rf6 27. Rf3 Rbf8
28. Rg3 R6f7 29. Bh5 Qf6 30. Bxf7+ Rxf7 31. Qxf6 Rxf6 32. a4 a5 33. Rf3 Nc8 34.
g4 g6 35. g5 Rf8 36. f6 Kf7 37. Kf2 Bg4 38. Rg3 Bh5 39. Ke3 Rd8 40. Rh1 Rd7 41.
Ne2 Nd6 42. Kd3 Rd8 43. Rhh3 Nxc4 44. Rxh5 Nb2+ 45. Kc2 1-0

[Event "VI Open Internacional Memorial Pedro Lez"]
[Site "Ateneo Municipal de Vecindario"]
[Date "2013.03.29"]
[Round "6"]
[White "Rodriguez Manzaneda, Irene"]
[Black "Marrero Cardenes, Agustin"]
[Result "0-1"]
[WhiteElo "1720"]
[BlackElo "1959"]
[PlyCount "72"]
[EventDate "2013.03.25"]
[EventRounds "9"]
[EventCountry "ESP"]

1. d4 Nf6 2. c4 e6 3. Nc3 b6 4. f3 d5 5. cxd5 exd5 6. Bg5 Be7 7. e3 h6 8. Bh4
O-O 9. Bd3 c5 10. Nge2 Nc6 11. O-O Bb7 12. Rc1 Re8 13. Bb1 Qd7 14. Bf2 Bf8 15.
Ng3 g6 16. Nce2 Rac8 17. h4 h5 18. Nf4 Bd6 19. Nge2 Ne7 20. Qd2 Nf5 21. Rfd1
cxd4 22. exd4 Rxc1 23. Rxc1 Bf8 24. Nd3 Bh6 25. Nef4 Qd6 26. Ne5 Rxe5 27. dxe5
Qxe5 28. g3 Nxh4 29. Qe3 Qxe3 30. Bxe3 Nxf3+ 31. Kf1 d4 32. Bf2 h4 33. Rd1 Bxf4
34. gxf4 h3 35. Bg3 Ng4 36. Rc1 Ba6+ 0-1

[Event "VI Open Internacional Memorial Pedro Lez"]
[Site "Ateneo Municipal de Vecindario"]
[Date "2013.03.29"]
[Round "6"]
[White "Cruz Gomez, Isidro"]
[Black "Ramirez Maillo, Juan Adonay"]
[Result "1-0"]
[WhiteElo "2025"]
[BlackElo "1654"]
[PlyCount "53"]
[EventDate "2013.03.25"]
[EventRounds "9"]
[EventCountry "ESP"]

1. d4 Nf6 2. c4 c5 3. d5 b5 4. cxb5 a6 5. bxa6 g6 6. Nc3 Bxa6 7. e4 Bxf1 8.
Kxf1 d6 9. g3 Bg7 10. Kg2 Nbd7 11. Nf3 O-O 12. h3 Qa5 13. Re1 Rfb8 14. e5 Ne8
15. e6 fxe6 16. Rxe6 Ne5 17. Nxe5 Bxe5 18. Rxe7 Qd8 19. Bg5 Nf6 20. Rxe5 dxe5
21. Ne4 Qxd5 22. Qxd5+ Nxd5 23. Rd1 Ra4 24. Nxc5 Rd4 25. Rb1 e4 26. Ne6 Kf7 27.
Nxd4 1-0

[Event "VI Open Internacional Memorial Pedro Lez"]
[Site "Ateneo Municipal de Vecindario"]
[Date "2013.03.29"]
[Round "6"]
[White "Santana Rodriguez, Jose Raul"]
[Black "Menvielle Laccourreye, Augusto"]
[Result "0-1"]
[WhiteElo "1693"]
[BlackElo "2150"]
[PlyCount "106"]
[EventDate "2013.03.25"]
[EventRounds "9"]
[EventCountry "ESP"]

1. d4 f5 2. c4 Nf6 3. g3 d6 4. Nf3 g6 5. Bg2 Bg7 6. Nc3 O-O 7. O-O Nc6 8. b3
Ne4 9. Bb2 e5 10. dxe5 Nxc3 11. Bxc3 dxe5 12. Qc2 Qe7 13. Rad1 Be6 14. Qb2 e4
15. Bxg7 Qxg7 16. Qxg7+ Kxg7 17. Ng5 Rae8 18. Nxe6+ Rxe6 19. Rd7+ Rf7 20. Rfd1
Ree7 21. Rxe7 Rxe7 22. f4 Nb4 23. Rd2 c5 24. a3 Nc6 25. e3 Na5 26. Rb2 Rd7 27.
Bf1 Rd1 28. Kf2 Rc1 29. Be2 Kf6 30. g4 Rc3 31. g5+ Ke7 32. Bd1 Rc1 33. Ke2 Ra1
34. a4 Nc6 35. Rd2 Nb4 36. Kf2 Rc1 37. Be2 Rc3 38. Bd1 Nd3+ 39. Ke2 b6 40. Bc2
Nc1+ 41. Kd1 Nxb3 42. Bxb3 Rxb3 43. Ra2 Rxe3 44. a5 Rd3+ 45. Ke2 Rd7 46. axb6
axb6 47. Ra6 Rb7 48. Kd2 Kd6 49. Ke3 Kc6 50. h4 Rd7 51. Ra1 Rd3+ 52. Kf2 Rf3+
53. Kg2 Rxf4 0-1

[Event "VI Open Internacional Memorial Pedro Lez"]
[Site "Ateneo Municipal de Vecindario"]
[Date "2013.03.29"]
[Round "6"]
[White "Sanchez Ramirez, Gustavo"]
[Black "Ramirez Medina, Victor"]
[Result "0-1"]
[WhiteElo "1607"]
[BlackElo "1930"]
[PlyCount "78"]
[EventDate "2013.03.25"]
[EventRounds "9"]
[EventCountry "ESP"]

1. e4 c5 2. Bc4 e6 3. d4 cxd4 4. Qxd4 Nc6 5. Qe3 Nf6 6. h3 a6 7. Nc3 b5 8. Bb3
Qc7 9. Nge2 Be7 10. f4 d6 11. O-O Bb7 12. Bd2 O-O 13. Be1 Rfd8 14. Rd1 Na5 15.
Bf2 Nxb3 16. cxb3 b4 17. e5 Qc6 18. Qf3 Qxf3 19. gxf3 dxe5 20. fxe5 Nd7 21. Na4
Nxe5 22. Bb6 Nxf3+ 23. Kf2 Rxd1 24. Rxd1 Bc6 25. Bc5 Bxc5+ 26. Nxc5 Ne5 27.
Nxa6 g5 28. Nxb4 Be4 29. Rd4 Bf5 30. h4 h6 31. Nc3 g4 32. Ne4 Rb8 33. Nd6 Rxb4
34. Nxf5 exf5 35. Ke3 Rxd4 36. Kxd4 g3 37. Ke3 f4+ 38. Ke2 f3+ 39. Kf1 Ng4 0-1

[Event "VI Open Internacional Memorial Pedro Lez"]
[Site "Ateneo Municipal de Vecindario"]
[Date "2013.03.29"]
[Round "6"]
[White "Sanabria Taskila, Daniel Krist"]
[Black "Lorenzo Perez, Raul"]
[Result "0-1"]
[WhiteElo "1410"]
[BlackElo "1745"]
[PlyCount "86"]
[EventDate "2013.03.25"]
[EventRounds "9"]
[EventCountry "ESP"]

1. e4 e5 2. Nf3 Nc6 3. d4 exd4 4. c3 dxc3 5. Bc4 Nf6 6. O-O d6 7. Qb3 Qe7 8.
Nxc3 Ne5 9. Nxe5 dxe5 10. Bg5 c6 11. Rad1 h6 12. Bxf6 gxf6 13. Nb5 Bg7 14.
Bxf7+ Kf8 15. Nd6 Rb8 16. Rd3 h5 17. f4 exf4 18. Rxf4 Bh6 19. Nf5 Bxf5 20. Rxf5
Qxf7 21. Qc3 Bg7 22. e5 Kg8 23. exf6 Bh6 24. Rg3+ Kh7 25. Rxh5 Rhg8 26. Qd3+
Rg6 27. Rxg6 Qxg6 28. Qd7+ Kh8 29. Qh3 Qb1+ 30. Kf2 Qxb2+ 31. Kg3 Qc3+ 32. Kg4
Qd4+ 33. Kg3 Rg8+ 34. Kf3 Qd3+ 35. Kf2 Qd2+ 36. Kf1 Qd1+ 37. Kf2 Qd4+ 38. Ke1
Re8+ 39. Kf1 Qd1+ 40. Kf2 Re2+ 41. Kf3 Qd3+ 42. Kg4 Qe4+ 43. Kg3 Qf4# 0-1

[Event "VI Open Internacional Memorial Pedro Lez"]
[Site "Ateneo Municipal de Vecindario"]
[Date "2013.03.29"]
[Round "6"]
[White "Amador Garcia, Ismael"]
[Black "Hernandez Diaz, Heriberto"]
[Result "0-1"]
[WhiteElo "1418"]
[BlackElo "1740"]
[PlyCount "132"]
[EventDate "2013.03.25"]
[EventRounds "9"]
[EventCountry "ESP"]

1. e4 d5 2. exd5 Qxd5 3. Nf3 Nf6 4. d4 a6 5. Bd3 Bg4 6. Be3 Bxf3 7. Qxf3 Qxf3
8. gxf3 Nc6 9. Nd2 Nb4 10. Ke2 Nxd3 11. Kxd3 O-O-O 12. Ke2 e6 13. c4 Be7 14.
Ne4 Rd7 15. Rhd1 Rhd8 16. a3 Ne8 17. Rd2 g6 18. Rad1 Ng7 19. Nc3 Bf6 20. Ne4
Be7 21. Nc3 Nf5 22. d5 Nxe3 23. fxe3 Bf6 24. Ne4 Bg7 25. Nc5 Re7 26. b3 h5 27.
Ne4 exd5 28. Rxd5 Red7 29. Ng5 Rxd5 30. Rxd5 Rxd5 31. cxd5 Bb2 32. a4 f6 33.
Ne6 g5 34. e4 h4 35. f4 gxf4 36. Nxf4 Be5 37. Ng6 Bxh2 38. Nxh4 Kd7 39. Kf3 c6
40. Nf5 c5 41. Kg4 b5 42. axb5 axb5 43. Ne3 Kd6 44. Kf5 Be5 45. Nc2 c4 46. b4
Ke7 47. Ne3 Bd4 48. Nc2 Bc3 49. Kf4 Kf8 50. Kf5 Kf7 51. Kf4 Kg6 52. Kg4 Be5 53.
Na3 c3 54. Nc2 Bh2 55. Ne3 Be5 56. Nc2 Bd6 57. Kh4 f5 58. exf5+ Kxf5 59. Kh3
Ke4 60. Kg2 Kd3 61. Na3 Bxb4 62. Nxb5 c2 63. d6 c1=Q 64. Nc7 Bxd6 65. Ne8 Qg5+
66. Kf2 Qe3+ 0-1

[Event "VI Open Internacional Memorial Pedro Lez"]
[Site "Ateneo Municipal de Vecindario"]
[Date "2013.03.29"]
[Round "6"]
[White "Quevedo Sarmiento, Jacinto"]
[Black "Aguila Hernandez, Eduardo"]
[Result "0-1"]
[WhiteElo "1532"]
[BlackElo "1871"]
[PlyCount "85"]
[EventDate "2013.03.25"]
[EventRounds "9"]
[EventCountry "ESP"]

1. d4 Nf6 2. c4 c5 3. d5 b5 4. cxb5 a6 5. f3 g6 6. e4 d6 7. Na3 Bg7 8. Ne2 O-O
9. Nc3 Ne8 10. Be2 Nd7 11. bxa6 Bxa6 12. Bxa6 Rxa6 13. Nc4 Nb6 14. Qd3 Nxc4 15.
Qxc4 Nc7 16. O-O Qd7 17. a3 Rb8 18. Kh1 Nb5 19. Nxb5 Qxb5 20. Qxb5 Rxb5 21. Rf2
Rb3 22. Re2 Ra7 23. h3 Rab7 24. Ra2 Ra7 25. Re3 c4 26. Re2 Rd3 27. Bd2 Rb7 28.
Bb4 Be5 29. Ra1 h5 30. Kg1 Bg3 31. Kf1 Rb8 32. Rc2 Rb3 33. Rb1 Rc8 34. Rbc1 f6
35. Rxc4 Rxc4 36. Rxc4 Rxb2 37. Rc1 Rf2+ 38. Kg1 Ra2 39. Kf1 Kf7 40. Rd1 g5 41.
Rd2 Ra1+ 42. Ke2 Bf4 43. Kd3 0-1

[Event "VI Open Internacional Memorial Pedro Lez"]
[Site "Ateneo Municipal de Vecindario"]
[Date "2013.03.29"]
[Round "6"]
[White "Diaz Suarez, Cayetano"]
[Black "Morales Sanchez, Domingo"]
[Result "1-0"]
[WhiteElo "1848"]
[BlackElo "1471"]
[PlyCount "59"]
[EventDate "2013.03.25"]
[EventRounds "9"]
[EventCountry "ESP"]

1. e4 c5 2. Nf3 d6 3. d3 Nc6 4. g3 Nf6 5. Bg2 Bg4 6. h3 Bd7 7. c3 e6 8. Nbd2
Be7 9. O-O Qc7 10. a3 a6 11. Re1 O-O 12. Nf1 b5 13. N1h2 Rab8 14. g4 Ne8 15. g5
Qc8 16. e5 Nxe5 17. Nxe5 dxe5 18. Rxe5 Bd6 19. Re4 Bc6 20. Rh4 Bxh2+ 21. Kxh2
g6 22. Be4 Ng7 23. Bf4 Rb7 24. Qf3 Bxe4 25. dxe4 Rd7 26. Be5 Qd8 27. Bf6 Qc7+
28. Kg2 Nh5 29. Re1 e5 30. Rxh5 1-0

[Event "VI Open Internacional Memorial Pedro Lez"]
[Site "Ateneo Municipal de Vecindario"]
[Date "2013.03.29"]
[Round "6"]
[White "Roque Hernandez, Francisco"]
[Black "Ruiz Delgado, Basilio"]
[Result "0-1"]
[WhiteElo "1531"]
[BlackElo "1715"]
[PlyCount "66"]
[EventDate "2013.03.25"]
[EventRounds "9"]
[EventCountry "ESP"]

1. e4 c5 2. Nf3 Nc6 3. Bb5 e6 4. O-O Nge7 5. d4 cxd4 6. Nxd4 a6 7. Nxc6 Nxc6 8.
Bxc6 bxc6 9. Nc3 d5 10. exd5 cxd5 11. Re1 Be7 12. Qg4 O-O 13. Bh6 Bf6 14. Re3
Kh8 15. Bf4 e5 16. Qh5 exf4 17. Rd3 g6 18. Qf3 Bxc3 19. Rxc3 Qf6 20. Qxd5 Be6
21. Qf3 Rac8 22. Rxc8 Rxc8 23. c3 g5 24. g3 Rd8 25. a3 Bd5 26. Qd3 fxg3 27.
fxg3 Bb3 28. Qe2 Qb6+ 29. Kf1 Qc5 30. Kg2 Bd5+ 31. Kh3 Qc8+ 32. g4 Qe6 33. Qf2
Qh6+ 0-1

[Event "VI Open Internacional Memorial Pedro Lez"]
[Site "Ateneo Municipal de Vecindario"]
[Date "2013.03.29"]
[Round "6"]
[White "Cobo Mazorra, Alejandro"]
[Black "Suarez Buceta, Melquiades"]
[Result "1-0"]
[WhiteElo "1685"]
[BlackElo "1450"]
[PlyCount "71"]
[EventDate "2013.03.25"]
[EventRounds "9"]
[EventCountry "ESP"]

1. Nf3 c5 2. d3 d5 3. Nbd2 Nc6 4. e4 e6 5. g3 Nf6 6. Bg2 Rb8 7. O-O Bd6 8. Re1
Bc7 9. Nf1 dxe4 10. Ng5 exd3 11. cxd3 Nd4 12. b4 cxb4 13. Ne4 Nxe4 14. Rxe4 Nc6
15. Bb2 O-O 16. Rh4 Qe7 17. Qh5 h6 18. Bxg7 Qg5 19. Bxf8 Qxh5 20. Rxh5 Kxf8 21.
Rxh6 Ne5 22. Rc1 Bb6 23. Rh8+ Kg7 24. Rhxc8 Rxc8 25. Rxc8 Nxd3 26. Rc2 a5 27.
Bxb7 a4 28. Ne3 b3 29. axb3 axb3 30. Rc3 b2 31. Rb3 Bd4 32. Be4 Nc1 33. Rb7
Ne2+ 34. Kf1 Nc3 35. Bc2 Kf6 36. Nc4 1-0

[Event "VI Open Internacional Memorial Pedro Lez"]
[Site "Ateneo Municipal de Vecindario"]
[Date "2013.03.29"]
[Round "6"]
[White "Diaz Martin, Carolina"]
[Black "Suarez Ramirez, Jonay"]
[Result "0-1"]
[WhiteElo "1393"]
[BlackElo "1600"]
[PlyCount "66"]
[EventDate "2013.03.25"]
[EventRounds "9"]
[EventCountry "ESP"]

1. e4 c5 2. Nf3 Nc6 3. d4 cxd4 4. Nxd4 g6 5. Nc3 Bg7 6. Be3 d6 7. Bc4 Nf6 8. f3
O-O 9. Qd2 Bd7 10. O-O-O Ne5 11. Bb3 Rb8 12. g4 b5 13. h4 h5 14. Nd5 Nxd5 15.
Bxd5 hxg4 16. f4 Nc4 17. Bxc4 bxc4 18. c3 a5 19. f5 a4 20. a3 e5 21. fxe6 fxe6
22. Bh6 Qf6 23. Bxg7 Kxg7 24. Ne2 Qf3 25. Qd4+ e5 26. Qxc4 g3 27. Rhg1 g2 28.
Kc2 Bb5 29. Qc7+ Kh6 30. Nc1 Qxe4+ 31. Nd3 Bxd3+ 32. Rxd3 Qe2+ 33. Rd2 Rxb2+
0-1